Toronto Raptors 2016-2017 Roster - Statistics

General Stats
  • This quiz has been taken 171 times
  • The average score is 7 of 15
Answer Stats
Position Answer % Correct
PG Kyle Lowry
99%
SG DeMar Derozan
94%
C Jonas Valanciunas
68%
PG Fred Vanvleet
65%
PF Pascal Siakam
62%
SG Norman Powell
58%
SG Terrence Ross
46%
SF Demarre Carroll
43%
PG Cory Joseph
40%
PG Delon Wright
40%
PF Patrick Patterson
38%
C Jakob Poeltl
28%
PF Jared Sullinger
23%
SF Bruno Caboclo
19%
C Lucas Nogueria
8%
No matching quizzes found
Score Distribution
Percent of People with Each Score
Percentile by Number Answered
Your Score History
You have not taken this quiz